Регионална библиотека "Любен Каравелов" - Русе

Моретата и океаните (Запис номер 99577)

MARC детайли
000 -Лидер
Контролно поле с фиксирана дължина nam a22 a 4500
003 - Код на организацията, давaща контролен номер
Контролно поле BLK
005 - Дата и час на последна редакция
Контролно поле 20210630165758.0
008 - Елементи от данни с фиксирана дължина
fixed length control field 180409b bul|||||r ||||||| ||bul||
010 ## - Наследен системен номер
LC control number KNG00104586000
020 ## - Международен стандартен номер на книга ISBN
Международен стандартен номер на книга ISBN 954-459-982-7
040 ## - Източник на каталожния запис
Идентификатор на билиотеката - собственик на записа BLK
041 ## - Код за език
Код за езика на текст/звукозапис или на отделно заглавие Български
Код за езика КДБФ Български
080 ## - УДК
Текстов определител УДК Океанология (океанография). Релеф на морското дъно - Общи въпроси, теория, наблюдения, прибори, приложна океанология, зони на морето и тяхното хоризонтално деление, морско равнище, вълни, при
УДК код - определител по УДК 551.46
УДК определител (035)
УДК - код + определител 551.46(035)
100 1# - Редна дума - Автор
Автор Меучи, Антонела
Авторска отговорност първи автор
R(LIN) 95125
139 ## - Редно поле
Редна дума Меучи, Антонела
Авторски знак Мет - М 51
245 10 - Сведения за заглавието
Заглавие Моретата и океаните
Редно поле (дума) Антонела Меучи; ил. Матео Кези; прев. Нина Руева.
257 ## - Страна на издаване
Страна на създаване/издаване Италия
260 ## - Област на издателските данни
Място на издаване, разпространение и проч. Пловдив
Име на издателя, разпространителя и проч. Хермес
Година на издаване 2002
Печатница Пловдив : Полиграфия
300 ## - Физическа характеристика
Страници 32 с.
Илюстрации и др. с ил.
Размери/Мащаб 28 см
380 ## - Жанр
Жанр Естествени науки. Математика
490 ## - СЕРИИ (Колекции)
Име на серия Детска енциклопедия Да научим повече за...
9 (RLIN) 201224
650 #4 - Допълнително описание по предмет – тема
Основно описание – тема или топоним Морета
9 (RLIN) 162730
650 #4 - Допълнително описание по предмет – тема
Основно описание – тема или топоним Океани - география
9 (RLIN) 261327
653 ## - Ключова дума – ненормативна
Ключова дума морета
653 ## - Ключова дума – ненормативна
Ключова дума океани
700 1# - Други автори (авторска отговорност)
Лично име Кези, Матео
Автороска отговорност (Описва отношението между автора и произведението) ил.
9 (RLIN) 77965
700 1# - Други автори (авторска отговорност)
Лично име Руева, Нина
Автороска отговорност (Описва отношението между автора и произведението) прев.
9 (RLIN) 368110
852 ## - Местоположение
Форматна сигнатура Цб ІІ 11817
856 4# - Електронен адрес и достъп
Електронен формат pdf - файл
856 4# - Електронен адрес и достъп
Електронен формат pdf - файл
999 ## - СИСТЕМНИ КОНТРОЛНИ НОМЕРА
Koha biblionumber 99577
Koha biblioitemnumber 99577
942 ## - АРТИКУЛИ
Вид на библиотечния материал Книги
Скрит в OPAC Не
Периодичен библиозапис Да
Koha issues (borrowed), all copies 1
944 ## - СЪЗДАВАНЕ И РЕДАКЦИЯ на ЗАПИСА
Създаване/Редакция Създаване
Дата на регистрацията/редакция 01.01.2002
Служител, извършил регистрацията/редакцията Геновева_Генчева
944 ## - СЪЗДАВАНЕ И РЕДАКЦИЯ на ЗАПИСА
Създаване/Редакция Редакция
Дата на регистрацията/редакция 04.11.2003
999 ## - СИСТЕМНИ КОНТРОЛНИ НОМЕРА
Koha biblioitemnumber 99577
Наличности
Код за отписване Код за изгубен артикул Код за повреда Коз за рестрикции Код за отдаване Артикулен № Име на библиотеката - собственик Име на библиотеката, в която се намира в момента Статус (Текущо местоположение) Дата на вписване в системата Местоположение - отдел Цена в лева Инвентарен номер Систематично азбучна сигнатура Баркод Номер на екземпляра Цена в евро Служебна бележка Служебен тип на артикула Източник на класификационната схема
  Не е изгубен Не е повреден без рестрикции ползва се в читалня 160432 Регионална библиотека "Любен Каравелов" Русе Регионална библиотека "Любен Каравелов" Русе Хранилище 2003-10-28 Хранилище 4.50 120000679448 Цб ІІ 11817 120000679448 1 2.30 Дост: Dp Вид: Д N: 44 Дата: 23.10.2002 Книги  
  Не е изгубен Не е повреден без рестрикции заемане за дома 837376 Регионална библиотека "Любен Каравелов" Русе Регионална библиотека "Любен Каравелов" Русе Детски отдел 2021-06-16 Детски отдел 4.99   55/М 51 120000856637   2.55   Книги Universal Decimal Classification
Vip Innovations Ltd, Rousse, Bulgaria 2025